000 00518nam a22001817a 4500
003 CEME
005 20210628203323.0
008 210126b xxu||||| |||| 00| 0 eng d
020 _a9780071494731
040 _c.
082 _a658.0019 SHE
100 _aShefrin, Hersh
_964693
245 _aEnding the management illusion, eliminate the mental traps that threaten your organization's success
260 _aNEW YORK
_bMCGRAW HILL
_c2008
300 _aVIII,328P
650 _aMANAGEMENT .
_923304
942 _cBK
_2ddc
999 _c573112
_d573112